| 000 | 01008nam a22002537a 4500 | ||
|---|---|---|---|
| 001 | 0000003882 | ||
| 003 | PPM | ||
| 005 | 20260423160753.0 | ||
| 008 | 260423b ||||| |||| 00| 0 eng d | ||
| 020 |
_a9679933725 _cRM 40.00 _qPaperback |
||
| 035 | _a0000003882 | ||
| 040 |
_bEng _cPusat Penyelidikan Mineral, Jabatan Mineral Dan Geosains Malaysia _dPPM _eRDA |
||
| 082 | 0 | 0 |
_221 _a658.3 _bTRA 2000 |
| 245 | 1 | 0 |
_aTransforming Human Resource Management In Meeting The Challenges Of The Next Millennium / _cedited by Samsudin Osman, Zulkurnain Awang , Sarijini Naidu |
| 260 | 1 |
_aKuala Lumpur : _bNational Institut of Public Administration (INTAN), _c2000 |
|
| 300 | 0 | 0 |
_axvii, 319 pages .: _btable, illustrations .; _c23 cm |
| 500 | _aTeks in English and bahasa Malaysia | ||
| 504 | _aIncludes bibliographical references (p.: 317 - 319) | ||
| 650 | 1 | 0 | _aPersonnel management |
| 700 | 1 |
_aSamsudin Osman _eeditor |
|
| 700 | 1 |
_aZulkurnain Awang _eeditor |
|
| 700 | 1 |
_aSarojini Naidu _eeditor |
|
| 942 |
_2ddc _cBK |
||
| 999 |
_c27227 _d27227 |
||